Professional conduct (Record no. 96966)

MARC details
000 -LEADER
fixed length control field 01402cam a2200313 4500
008 - FIXED-LENGTH DATA ELEMENTS--GENERAL INFORMATION
fixed length control field 090401t1998 xxu||||| |||| 00| 0 eng d
020 ## - INTERNATIONAL STANDARD BOOK NUMBER
International Standard Book Number 0854068775
035 ## - SYSTEM CONTROL NUMBER
System control number (Sirsi) u84683
041 ## - LANGUAGE CODE
Language code of text/sound track or separate title eng
050 ## - LIBRARY OF CONGRESS CALL NUMBER
Classification number 333.0062
-- 18
110 ## - MAIN ENTRY--CORPORATE NAME
Corporate name or jurisdiction name as entry element Royal Institution of Chartered Surveyors
9 (RLIN) 4900
245 ## - TITLE STATEMENT
Title Professional conduct
Remainder of title rules of conduct and disciplinary procedures.
250 ## - EDITION STATEMENT
Edition statement 2nd ed.
260 ## - PUBLICATION, DISTRIBUTION, ETC.
Place of publication, distribution, etc. London
Name of publisher, distributor, etc. RICS
Date of publication, distribution, etc. 1998
300 ## - PHYSICAL DESCRIPTION
Extent 1
Type of unit v. (loose-leaf)
Dimensions 30cm.
350 ## - PRICE (NR) (BK AM CF MU VM SE) [OBSOLETE]
Price 7
490 ## - SERIES STATEMENT
Series statement RICS Rules of Conduct
520 ## - SUMMARY, ETC.
Summary, etc. New edition incorporating amendments made at the Extraordinary General Meeting held 27 November 1997, allowed by the Privy Council on 24 June 1998.
520 ## - SUMMARY, ETC.
Summary, etc. Superseded by New Conduct and Disciplinary Regulations (July 2001) : Conduct Regulations under Bye-Law 19; Disciplinary Regulations under Bye-Laws 10, 21 and 22; Disciplinary Constitutional Bodies Regulations under Bye-Laws 22 and 51 (J116520). Supersedes "The chartered surveyors' rule book: rules of conduct for chartered surveyors" (M82782).
650 ## - SUBJECT ADDED ENTRY--TOPICAL TERM
Topical term or geographic name entry element RICS BYE-LAWS
650 ## - SUBJECT ADDED ENTRY--TOPICAL TERM
Topical term or geographic name entry element RICS MEMBERS' ACCOUNTS RULES
650 ## - SUBJECT ADDED ENTRY--TOPICAL TERM
Topical term or geographic name entry element PROFESSIONAL CONDUCT
650 ## - SUBJECT ADDED ENTRY--TOPICAL TERM
Topical term or geographic name entry element RICS PROFESSIONAL INDEMNITY INSURANCE RULES
650 ## - SUBJECT ADDED ENTRY--TOPICAL TERM
Topical term or geographic name entry element RICS REGULATIONS
650 ## - SUBJECT ADDED ENTRY--TOPICAL TERM
Topical term or geographic name entry element RICS RULES OF CONDUCT
690 ## - LOCAL SUBJECT ADDED ENTRY--TOPICAL TERM (OCLC, RLIN)
Topical term or geographic name as entry element MANAGEMENT-BUSINESS MANAGEMENT-PROFESSIONAL PRACTICE
942 ## - ADDED ENTRY ELEMENTS (KOHA)
Suppress in OPAC 0
948 ## - LOCAL PROCESSING INFORMATION (OCLC); SERIES PART DESIGNATOR (RLIN)
c (OCLC) 05/03/1998
Holdings
Withdrawn status Lost status Source of classification or shelving scheme Damaged status Not for loan Home library Current library Shelving location Date acquired Cost, normal purchase price Total Checkouts Full call number Barcode Date last seen Copy number Cost, replacement price Price effective from Koha item type Date last checked out
    Dewey Decimal Classification     London London RICS Boxes 14/09/1999 7.00   RICS 1998/41 30056373 06/08/2019 1 7.00 06/08/2019 Reference material  
    Dewey Decimal Classification     London London RICS Boxes 14/09/1999 7.00 23 RICS 1998/41 30056375 06/08/2019 4 7.00 06/08/2019 Book 01/10/2009
    Dewey Decimal Classification     London London RICS Boxes 30/03/2005     RICS 1998/41 30056372 06/08/2019 5   06/08/2019 Archive